04309nab a2200301 i 4500003000900000005001700009008004100026040001800067072000800085100002100093100001900114100001600133100001600149100001800165100001800183245015300201500007600354520155600430520161301986650002103599650002103620650002203641650002103663773021803684856007003902942001603972999001903988BR-BrBNA20240228112445.0240228b2006 bl.qr|p|oa||| 00| 0 por | aBR-BrBNAbpor aK50 aCastellani, D.C. aCasali, V.W.D. aSouza, A.L. aCecon, P.R. aCardoso, C.A. aMarques, V.B. aProdução de óleo essencial em catuaba (Trichilia catigua k. Juss) e negramina (Siparuna gu/anens/s Aubl.) em função da época de colheita aPublicação on-line; 10 ref.; 2 tables; 2 illus.; Summaries (En, Pt) a RESUMO: Os óleos essenciais encontram ampla aplicação industrial, empregando-se puros, na forma de substâncias isoladas ou a parte vegetal que os contém. Este trabalho teve como objetivo estudar a produção de óleo essencial em função da época de colheita (primavera, verão, outono e inverno) da matéria-prima vegetal (folhas e galhos), visando o controle de qualidade no manejo de populações naturais de catuaba (Trichilia catigua A. Juss.) e negramina (Siparuna guianensis Aubl.). Na análise dos dados considerouse o esquema de parcelas subdivididas, tendo nas parcelas as épocas (estações do ano) e nas subparcelas as partes vegetais, no delineamento em blocos casualizados com 6 repetições. A extração de óleo essencial (OE) foi expresso com base no peso seco e extraído por arraste a vapor. Os resultados mostraram que a catuaba e a negramina não apresentaram variabilidade sazonal na produção de óleo essencial; observouse também, que não existe interação entre épocas e partes vegetais para ambas espécies. Contudo, visando otimizar as operações de manejo em função das estações do ano e os maiores rendimentos de óleo essencial, a colheita de catuaba deve ser realizada na estação do inverno ( 0,21% OE folhas e 0,16% OE galhos) e de negramina na estação do outono (0,18% OE folhas e 0,065% OE galhos). Palavras-chave: plantas medicinais, óleo essencial, produtos florestais não madeireiros, variabilidade química sazonal, Mata Atlântica a ABSTRACT: Production of essential oil in catuaba (Trichilia catigua A. Juss) and negramina (Siparuna guianensis Aubl.) in function of the harvest time. The essential oils find a wide industrial application, being used pure, in the form of isolated substances or the vegetable part that contains them. This work had as objective to study the production of essential oil in function of the harvest time (spring, summer, autumn and winter) of the vegetable raw material (leaves and branches), seeking the quality control in the management of natural populations of these species. In the analysis of the data it was considered the outline of subdivided fractions, having in the fractions the periods (seasons) and in the sub fractions the vegetable parts, in the delineation in randomized blocks with 6 repetitions. The content of essential oil (OE) was expressed on dry weight basis and it was extracted through the vapor dragging method. The results showed that catuaba and negramina didn’t present seasonal variability in the production of essential oil; it was also observed that interaction doesn’t exist between times and vegetable parts for both species. However, seeking to optimize the handling operations in function of the seasons and the largest production of essential oil, the harvest of catuaba should be accomplished in the winter season (0,21% OE leaves and 0,16% OE branches) and the harvest of negramina in the autumn season (0,18% OE leaves and 0,065% OE branches). Key words: medicinal plants, essential oil, non-woody forest products, seasonal chemical variability, Mata Atlântica aPLANTA MEDICINAL aÓLEO ESSENCIAL aPRODUTO FLORESTAL aMATA ATLÂNTICA0 035439313785dBotucatu-SP Instituto de Biociências - Departamento de Química e Bioquímica 1998o2024-0053tRevista Brasileira de Plantas Medicinais (Brazil)x1516-0572gv. 8(4) p. 62-65; (2006)wBR2024000077 uhttp://www.sbpmed.org.br/admin/files/papers/file_94TDLPu97zdJ.pdf cAnalítica c298620d298620